China (Record no. 80470)

MARC details
000 -LEADER
fixed length control field 00988cab a22001935a 4500
001 - CONTROL NUMBER
control field L144452
008 - FIXED-LENGTH DATA ELEMENTS--GENERAL INFORMATION
fixed length control field 080721s2008 xxkad f s 000 0 eng d
035 ## - SYSTEM CONTROL NUMBER
System control number (Sirsi) u144452
041 0# - LANGUAGE CODE
Language code of text/sound track or separate title eng
110 2# - MAIN ENTRY--CORPORATE NAME
Corporate name or jurisdiction name as entry element AsiaProperty
9 (RLIN) 5571
245 00 - TITLE STATEMENT
Title China
260 ## - PUBLICATION, DISTRIBUTION, ETC.
Date of publication, distribution, etc. 2008
490 #0 - SERIES STATEMENT
Series statement Asia Property
Volume/sequential designation May 2008, 21-29(9)
520 ## - SUMMARY, ETC.
Summary, etc. Surveys the Chinese property market. Reports that anti-inflation measures have placed obstacles in the way for property investors, but the potential for high returns remains good. Lists major policy initiatives affecting property. Explains how socio-economic, demographic and legal changes are driving the development of the residential property market to ever-higher levels. Reports that there is no evidence of the sub-prime crisis affecting Shanghai. Reports on how the Olympics 2012 have impacted on the Beijing property market.
590 ## - LOCAL NOTE (RLIN)
Local note KA
651 #4 - SUBJECT ADDED ENTRY--GEOGRAPHIC NAME
Geographic name China
690 ## - LOCAL SUBJECT ADDED ENTRY--TOPICAL TERM (OCLC, RLIN)
Topical term or geographic name as entry element PROPERTY-COMMERCIAL PROPERTY-COMMERCIAL PROPERTY MARKET
942 ## - ADDED ENTRY ELEMENTS (KOHA)
Suppress in OPAC 0
Holdings
Withdrawn status Lost status Source of classification or shelving scheme Damaged status Not for loan Home library Current library Shelving location Date acquired Total Checkouts Full call number Barcode Date last seen Copy number Price effective from Koha item type
    Dewey Decimal Classification     London London Journal article 21/07/2008   L144452 144452-1001 06/08/2019 1 06/08/2019 Journal article